As leis da atracção (Record no. 44926)

MARC details
000 -Etiqueta do registo
Valores 00431nam a2200169 4500
100 ## - Dados gerais de processamento
Dados gerais 20251013 pory50
101 ## - Língua de publicação
Língua por
-- ing
102 ## - País de publicação
País PT
200 ## - Titulo e menção de responsabilidade
Título próprio As leis da atracção
Primeira menção de responsabilidade realiz. Peter Howitt
Outras menções de responsabilidade act.s Pearce Brosnan , Julianne Moore
210 ## - Publicação
Local de publicação [S.l.]
Nome do editor dist. Prisvideo
Data de publicação 2004
215 ## - Descrição física 
Paginação / Volumes 1 DVD
300 ## - Notas gerais 
Texto da nota 87 m.<br/>M/12
675 ## - CDU
Notação 82-31
801 ## - Fonte de origem
País PT
Regras de catalogação RPC
990 ## - Elementos KOHA
Tipo de documento Filme DVD
Holdings
Aquisição Empréstimo Código de barras Cota Permissão de empréstimo Tipo de documento Nota relativa ao exemplar
Biblioteca Escolar Doutor Hernâni Cidade Biblioteca Escolar Doutor Hernâni Cidade 81063 ROM HOW   Filme DVD 548 Comédia romântica

Powered by Koha